| 000 -LEADER |
| fixed length control field |
00727cam a2200205 a 4500 |
| 020 ## - INTERNATIONAL STANDARD BOOK NUMBER |
| ISBN |
002800941X |
| 020 ## - INTERNATIONAL STANDARD BOOK NUMBER |
| ISBN |
0028009401 (3 1/2" disk) |
| 020 ## - INTERNATIONAL STANDARD BOOK NUMBER |
| ISBN |
0028009398 (5 1/4" disk) |
| 040 ## - CATALOGING SOURCE |
| Transcribing agency |
DLC |
| 082 00 - DEWEY DECIMAL CLASSIFICATION NUMBER |
| Classification number |
808 GLE 1993 A095 Or. |
| 100 1# - MAIN ENTRY--AUTHOR NAME |
| Personal name |
Voisinet, Donald D., |
| 245 10 - TITLE STATEMENT |
| Title |
Microcomputer applications for technicians / |
| 260 ## - PUBLICATION, DISTRIBUTION, ETC. (IMPRINT) |
| Place of publication |
New York, N.Y. : |
| Name of publisher |
Glencoe, |
| Year of publication |
c1993. |
| 300 ## - PHYSICAL DESCRIPTION |
| Number of Pages |
ix, 195 p. : |
| Other physical details |
ill. ; |
| Dimensions |
28 cm. + |
| Accompanying material |
3 computer disks (5 1/4 in.) |
| 500 ## - GENERAL NOTE |
| General note |
System requirements for computer disks: IBM-compatible PC; 128K RAM; DOS 2.0-3.1; two floppy disk drives or floppy drive and hard drive; printer. |
| 650 #0 - SUBJECT ADDED ENTRY--TOPICAL TERM |
| Topical Term |
Microcomputers. |
| 650 #0 - SUBJECT ADDED ENTRY--TOPICAL TERM |
| Topical Term |
Computer software. |
| 650 #0 - SUBJECT ADDED ENTRY--TOPICAL TERM |
| Topical Term |
Scenic byways. |
| 942 ## - ADDED ENTRY ELEMENTS (KOHA) |
| Koha item type |
សៀវភៅភាសាអង់គ្លេស |
| 952 ## - LOCATION AND ITEM INFORMATION (KOHA) |
| Withdrawn status [LOCAL, KOHA] |
0 |
| 952 ## - LOCATION AND ITEM INFORMATION (KOHA) |
| Withdrawn status [LOCAL, KOHA] |
0 |